000 00717nam a2200265Ia 4500
005 20260121172622.0
008 008 260114s9999 xx 000 0 eng d
020 _a9789811608827
037 _aEBOOK
040 _aCRL
040 _beng
040 _cCRL
041 _2eng
041 _aeng
084 _qCRL
100 _aM. Shamim Kaiser, Juanying Xie, Vijay Singh Rathore
_91090628
245 0 _aInformation and Communication Technology for Competitive Strategies (ICTCS 2020)
260 _bSpringer
260 _bSpringer
260 _c2021
856 _uhttps://link.springer.com/openurl?genre=book&isbn=978-981-16-0882-7
942 _cEBOOK
999 _c1656368
_d1656368